| 000 -ლიდერი |
| ფიქსირებული სიგრძის საკონტროლო ველი |
01758nam a2200253Ia 4500 |
| 001 - საკონტროლო ნომერი |
| საკონტროლო ველი |
19892 |
| 003 - საკონტროლო ნომრის იდენტიფიკატორი |
| საკონტროლო ველი |
GE_BSU |
| 005 - ბოლო ოპერაციის თარიღი და დრო |
| საკონტროლო ველი |
20210330120552.0 |
| 008 - ფიქსირებული სიგრძის მონაცემთა ელემენტები - ზოგადი ინფორმაცია |
| ფიქსირებული სიგრძის საკონტროლო ველი |
181216s2016||||ge |||||||||||||| ||geo|| |
| 040 ## - კატალოგიზაციის წყარო |
| Transcribing agency |
GE_BSU |
| 041 ## - ენის კოდი |
| Language code of text/sound track or separate title |
geo |
| 080 ## - უნივერსალური ათობითი კლასიფიკაციის ინდექსი |
| Universal Decimal Classification number |
57 ქ-20 |
| 100 ## - მთავარი ჩანაწერი - პიროვნების სახელი |
| Personal name |
ქამადაძე, დალი |
| 9 (RLIN) |
6040 |
| 245 ## - ცნობა სათაურის შესახებ |
| Title |
იაპონური კამელიის(Camellia japonica L.) აჭარაში გავრცელებული და ბათუმის ბოტანიკურ ბაღში გამოყვანილი ჰიბრიდების ზრდა-განვითარების, ყვავილობისა და გამრავლების ბიოლოგიური და გენეტიკური თავისებურებანი / |
| Remainder of title |
დალი ქამადაძე; სამეცნიერო ხელმძღვანლები დავით ბარათაშვილი, ზურაბ ბაკურიძე; ბსუ; ბიოლოგიის დეპარტამენტი |
| 264 ## - წარმოების, გამოცემის, დისტრიბუციის და სხვა ცნობები |
| გამოცემის, წარმოების, დისტრიბუციის... ადგილი |
ბათუმი, |
| გამოცემის, წარმოების, დისტრიბუციის... თარიღი |
2016. |
| 300 ## - ფიზიკური აღწერა |
| Extent |
170 გვ.; |
| Other physical details |
ილ.; |
| Dimensions |
27 სმ. |
| 653 ## - INDEX TERM--UNCONTROLLED |
| Uncontrolled term |
ბიოლოგია |
| 653 ## - INDEX TERM--UNCONTROLLED |
| Uncontrolled term |
დისერტაცია |
| 653 ## - INDEX TERM--UNCONTROLLED |
| Uncontrolled term |
მცენარეთა გენეტიკა |
| 700 ## - ADDED ENTRY--PERSONAL NAME |
| Personal name |
ბარათაშვილი, დავით |
| Relator term |
სამეცნიერო ხელმძღვანელი |
| 9 (RLIN) |
1718 |
| 700 ## - ADDED ENTRY--PERSONAL NAME |
| Personal name |
ბაკურიძე, ზურაბ |
| Relator term |
სამეცნიერო ხელმძღვანელი |
| 9 (RLIN) |
2542 |
| 710 ## - ADDED ENTRY--CORPORATE NAME |
| Corporate name or jurisdiction name as entry element |
ბსუ |
| Subordinate unit |
ბიოლოგიის დეპარტამენტი |
| 9 (RLIN) |
10834 |
| 942 ## - ADDED ENTRY ELEMENTS (KOHA) |
| Koha item type |
წიგნი |
| Source of classification or shelving scheme |
|